000 00348nam a22001337a 4500
008 230608b xxu||||| |||| 00| 0 eng d
020 _a9966031847
082 _a342
_bMWA
100 _cCharles Mwaura Kamau
245 _aPrinciples of Constitutional Law
260 _aNairobi
_bLawAfrica Publishing (K) Ltd
_c2014
300 _a532p
942 _2ddc
_cBK
999 _c854
_d854